000 00619cam a2200193 4500500
005 20260329005217.0
041 _afre
042 _adc
100 1 0 _aHector, Daniel
_eauthor
700 1 0 _aBaussan, Paulette
_eauthor
700 1 0 _aVigne, Robert
_eauthor
700 1 0 _aSchmitt, Murielle
_eauthor
700 1 0 _aCohen, André Salomon
_eauthor
245 0 0 _aLa singularité du CMP de Vaison la Romaine
260 _c2006.
500 _a1
786 0 _nPsy Cause | 44-45 | 2-3 | 2006-01-02 | p. 24-28 | 1245-2394
856 4 1 _uhttps://shs.cairn.info/revue-psy-cause-2006-2-3-page-24?lang=fr&redirect-ssocas=7080
999 _c1841360
_d1841360